000 00189 a2200097 4500
001 10076
100 _aBrown, N
245 _aNuclear war
260 _a
_bPall Mall
_c
090 _c7828
_d7828
942 _aNUST-CAE
_cM
_c34520
999 _c245149
_d245149